000 00236nam a2200097Ia 4500
001 718455
005 20250826163023.0
008 250824s9999 xx 000 0 und d
245 0 _aVİKİNGLER
_cROBERT LEIGHTON
260 _bPANAMA YAYINLARI
999 _c718455
_d718455